| 000 | 01217nam a2200325 a 4500 | ||
|---|---|---|---|
| 001 | 000049007 | ||
| 003 | DO-SdBNP | ||
| 005 | 20240229073955.0 | ||
| 007 | ta | ||
| 008 | 190712e2018 dr a r 000 0aspa d | ||
| 020 | _a9789945167528 (O.C.) | ||
| 020 | _a978-9945167535 (v.1) | ||
| 020 | _a9789945168716 (.2) | ||
| 040 |
_aDO-SdBNP _bspa _cBNPHU |
||
| 082 | 4 |
_a928.61 _bV422i _222 |
|
| 100 | 1 |
_aVega, Bernardo, _d1938 - _93222 |
|
| 245 | 1 | 0 |
_aIntimidades en la era global : _bmemorias de Bernardo Vega de Boyrie / _cBernardo Vega. |
| 260 |
_aSanto Domingo : _bFundación Cultural Dominicana, _c2016-2018 |
||
| 300 |
_a2 v. : _bil. ; _c23 cm. |
||
| 500 | _aIncluye datos biográficos del autor en la solapa de la cubierta. | ||
| 500 | _aIncluye índice onomástico. | ||
| 505 |
_aIntroducción -- _gv.1. _t Los años formativos -- _gv.2. _t1963-1971 |
||
| 590 | _aInventariado, 2019 / BT | ||
| 600 | 1 | 0 |
_aVega, Bernardo, _d1938 - _93222 |
| 650 | 1 | 4 |
_aHistoriadores _979768 _zRepública Dominicana _vBiografías |
| 650 | 1 | 4 |
_aEconomistas _zRepública Dominicana _vBiografías _979769 |
| 650 | 1 | 4 |
_vBiografía _979770 _zRepública Dominicana |
| 910 | _aSaquino/Validado. Control de calidad MFF | ||
| 942 |
_2ddc _cLBS1 |
||
| 999 |
_c48495 _d48495 |
||